| 000 | 01647cam a2200325 a 4500 | ||
|---|---|---|---|
| 001 | 15608435 | ||
| 003 | PILC | ||
| 005 | 20150112093447.0 | ||
| 008 | 090202s2009 nyu 001 0 eng | ||
| 010 | _a 2009003705 | ||
| 020 | _a9780814413449 | ||
| 020 | _a0814413447 | ||
| 035 | _a(OCoLC)ocn290436965 | ||
| 040 |
_aDLC _cDLC _dBTCTA _dYDXCP _dC#P _dBWX _dVP@ _dHNW _dCDX _dDLC |
||
| 050 | 0 | 0 |
_aHF 5549.5.R44 _b.T343 2009 |
| 100 | 1 |
_aTaylor, Johnny C.,Jr. _d1968- _929944 |
|
| 245 | 1 | 4 |
_aThe trouble with HR : _ban insider's guide to finding and keeping the best people / _cJohnny C. Taylor, Jr. and Gary M. Stern. |
| 260 |
_aNew York : _bAMA/American Management Association, _c2009. |
||
| 300 |
_a244 pages : _c24 cm. |
||
| 500 | _aIncludes index. | ||
| 505 | 0 | _aGuide to choosing the right people : the ten major hiring mistakes and what to do about them -- Developing a talent acquisition strategy that works -- Retaining people by making them fall in love with the company -- Objectifying the job search -- Training and development : using T&D to retain staff and execute your business strategy -- What you should expect from your HR executive -- Being courageous : the ultimate test of HR. | |
| 650 | 0 |
_aEmployees _xRecruiting. _929945 |
|
| 650 | 0 |
_aEmployee selection. _915667 |
|
| 650 | 0 |
_aEmployee retention. _929946 |
|
| 650 | 0 |
_aPersonnel management. _9685 |
|
| 700 | 1 |
_aStern, Gary M. _929947 |
|
| 906 |
_a7 _bcbc _corignew _d1 _eecip _f20 _gy-gencatlg |
||
| 942 |
_2lcc _cBK |
||
| 999 |
_c14977 _d14977 |
||